• 首页
  • 本馆介绍
  • 公告通知
  • 最新文献
  • 馆藏检索
  • 电子资源
  • 读者导购
  • 参考咨询
  • 我的图书馆
  • 登录
  • 详细信息显示
  • 放入我的书架
  • 预约/预借图书
  • 作者相关作品
  • 分类相关作品
  • 丛书相关作品
  • 出版社相关作品

书目信息

  • 表格格式
  • 工作单格式
  • 卡片格式
题名:
马克思画传
    
 
作者: ;中央编译局 著
分册:  
出版信息: 上海   华东师范大学出版社  2005
页数: 173页
开本: 23×19cm
丛书名:
单 册:
中图分类: A716
科图分类:
主题词:
电子资源:
ISBN: 7-5617-4404-8
000 00850nam0 2200241 450
001 012007532709
005 20070530093900.82
010    @a7-5617-4404-8@dCNY24.80
100    @a20070526d2005 km y0chiy0120 ea
101 0  @achi
102    @aCN@b310000
105    @aa z 000yy
106    @ar
200 1  @a马克思画传@Ama ke si hua chuan@f中央编译局著@Fzhong yang bian yi ju zhu
210    @a上海@c华东师范大学出版社@d2005
215    @a173页@c图@d23×19cm
330    @a本书用简明诜练的语言叙述了马克思为人类进步或解放事业不懈奋斗的伟大一生,同时也对这位伟人的读书学习,爱情婚姻,人际交往等多方面的生活细节作了生动活泼的描述。
600  1 @a马克思@bK.@f(1818~1883)@x传记@j画册
600  1 @a马克思@bK.@f(1818~1883)
690    @aA716@v4
711 02 @a中央编译局@Azhong yang bian yi ju@4著
801  0 @aCN@bRULIN@c20070530
905    @dA716@e187@s5
    
    马克思画传/中央编译局著.-上海:华东师范大学出版社,2005
    173页:图;23×19cm
    
    
    ISBN 7-5617-4404-8:CNY24.80
    本书用简明诜练的语言叙述了马克思为人类进步或解放事业不懈奋斗的伟大一生,同时也对这位伟人的读书学习,爱情婚姻,人际交往等多方面的生活细节作了生动活泼的描述。
●
相关链接 在E读中查询图书 在五车中查询图书 在当当中查询图书 在豆瓣中查询图书


正题名:马克思画传     索取号:A716/187         预约/预借

序号 登录号 条形码 馆藏地/架位号 状态 备注
1 0581462   205814626   第一样本阅览室/ [索取号:A716/187] 在馆    
2 0581463   205814635   第一借阅区/ [索取号:A716/187] 在馆    
3 0581464   205814644   第一借阅区/ [索取号:A716/187] 在馆    
4 0581465   205814653   第一借阅区/ [索取号:A716/187] 在馆    
5 0581466   205814662   第一借阅区/ [索取号:A716/187] 在馆    
唐山师范学院图书馆 欢迎您!
大连网信软件有限公司© 版权所有